000 00817nam a2200241Ia 4500
003 OSt
005 20220923224226.0
006 a|||||r|||| 00| 0
007 ta
008 220922b |||||||| |||| 00| 0 hin d
024 _a229,611
037 _cTextual
040 _aARTS
_cARTS
_bhin
041 _2hin
_ahin
082 _aO152,1M960gV2:51, P4
100 _aराय, अनिल कुमार
_9157821
245 0 _aस्वाधीनता आन्दोलन और निराला
246 _aSvādhīnatā āndolan aur nirālā
260 _aनई दिल्ली
_b खामा पब्लिशर्स
_c2004
300 _a282पृ.
_ccm.
942 _hO152,1M960gV2:51, P4
_cTEXL
_2CC
999 _c370099
_d370099